Statistiken für Gemeinden von Mistelbach

Klicken Sie hier um das Quiz zu spielen!

Allgemein

  • Dieses Quiz wurde 165 mal gespielt
  • Das Durchschnittsergebnis liegt bei 14 aus 36

Antworten auf der Karte

Die Antworten werden auf der Karte rot bzw. grün angezeigt, abhängig davon wie oft sie richtig erraten wurden.
 

Antwortstatistiken

EinwohnerGemeinde% Korrekt
11.471Mistelbach
98%
6.244Laa an der Thaya
90%
5.528Poysdorf
75%
7.258Wolkersdorf im Weinviertel
70%
3.963Gaweinstal
68%
1.935Staatz
63%
1.585Bernhardsthal
48%
1.113Drasenhofen
48%
1.870Asparn an der Zaya
45%
1.415Neudorf im Weinviertel
45%
1.590Großkrut
43%
2.625Ulrichskirchen-Schleinbach
43%
857Hausbrunn
40%
1.107Rabensburg
40%
475Falkenstein
38%
2.219Großebersdorf
38%
1.482Großengersdorf
38%
2.280Ladendorf
38%
877Niederleis
38%
548Unterstinkenbrunn
38%
785Altlichtenwarth
35%
1.531Kreuzstetten
33%
817Schrattenberg
33%
1.109Großharras
30%
1.564Wildendürnbach
30%
958Herrnbaumgarten
25%
1.330Bockfließ
23%
821Fallbach
23%
1.159Hochleithen
23%
1.452Kreuttal
23%
2.161Wilfersdorf
23%
1.147Pillichsdorf
18%
885Gaubitsch
15%
1.152Gnadendorf
15%
1.629Stronsdorf
15%
541Ottenthal
13%

Verteilung der Resultate

Perzentil nach korrekt beantworteten Fragen

Anzahl Personen mit jedem Resultat

Ihre Resultats-Entwicklung

Sie haben dieses Quiz noch nicht gespielt